[Event "1st Charlotte Masters 2021"]
[Site "Charlotte"]
[Date "2021.02.14"]
[Round "2.10"]
[White "Wu, Derek"]
[Black "Resika, Nathan"]
[Result "1-0"]
[WhiteElo "2198"]
[BlackElo "2155"]
[Annotator "TA"]
[PlyCount "91"]
[EventDate "2021.02.12"]
[EventType "swiss"]
[EventCountry "USA"]
[SourceTitle "playchess.com"]
[Source "ChessBase"]
[SourceQuality "1"]

{[%evp 23,90,8,37,26,55,57,45,36,40,40,35,32,44,33,46,36,44,43,68,58,110,109,110,95,131,0,9,0,14,0,0,-27,-15,0,31,18,29,0,32,-12,0,-78,-93,-572,-610,-560,-581,-1382,0,-175,-33,-30,-53,-28,11,0,0,0,2727,2795,29976,12345,29977,29977,29981,29982,29987,29988,29999]} 1. d4 d5 2. c4 e6 3. Nf3 Nf6 4. g3 Bb4+ 5. Bd2 Bd6 6. Bg2 O-O 7. O-O c6 8. Qc2 Ne4 9. Bf4 Bxf4 10. gxf4 f5 11. Nbd2 Nd7 12. e3 Qe7 13. Rac1 {A90: Dutch Defence: Miscellaneous and Modern Stonewall (with ...Bd6).} Ndf6 14. Ne5 Bd7 {[#]} 15. c5 $146 {White is slightly better.} ({Predecessor:} 15. Nxe4 fxe4 16. f3 exf3 17. Rxf3 Be8 18. Rh3 {½-½ (17) Shestoperov,A (2445)-Gleizerov,E (2545) Briansk 1995}) 15... Nxd2 16. Qxd2 Be8 17. b4 a6 18. Rb1 Bh5 19. f3 Nd7 20. Nd3 Rf6 21. a4 Rh6 ({Black should try} 21... h6 $14) 22. b5 $16 axb5 23. axb5 Be8 24. Qf2 (24. bxc6 $16 bxc6 25. Ra1) 24... cxb5 $1 $11 25. Rfc1 Nf8 26. Rb3 Bc6 27. Ne1 Ra4 28. Bf1 Qe8 (28... e5 $5 29. dxe5 d4 $11) 29. Rcb1 {[%cal Rf1b5][%mdl 1024] White has compensation.} Rc4 30. Nd3 Ng6 31. Nb4 Nh4 $1 32. Ra3 (32. Bxc4 $2 dxc4 33. Nxc6 Qxc6 $19) (32. Nd3 $11 {remains equal.}) 32... Qh5 $17 33. e4 $2 {[%mdl 8192] [#]} (33. Be2 $17 {was the crucial defense.}) 33... Rxb4 $1 $19 {[%mdl 512]} 34. Rxb4 {e5 is the strong threat.} dxe4 {White must now prevent ...Rg6+.} 35. fxe4 Bxe4 $2 (35... Rg6+ $19 36. Rg3 Nf3+ 37. Kh1 Bxe4) 36. Rbb3 $2 (36. Be2 $11 {and White has nothing to worry.} Rg6+ 37. Kf1) 36... b4 (36... Qd1 $19 37. Rg3 b4) 37. Ra8+ $15 Kf7 {Strongly threatening ...Rg6+.} 38. Be2 Qg6+ 39. Rg3 Qf6 40. Bb5 Ng6 $2 {[%mdl 8192] [#]} (40... Nf3+ $11 41. Rxf3 Bxf3 42. Be8+ (42. Qxf3 Qxd4+ {[%mdl 64] Double Attack} 43. Kh1 Qxc5 $11) 42... Ke7 43. Qxf3 Qxd4+ {[%mdl 64] Double Attack} 44. Kh1 Kf6) 41. Be8+ $1 $18 Ke7 {[#]} 42. d5 $1 exd5 43. c6 $1 {[%cal Rc6b7] White mates.} Nxf4 44. Qc5+ ({Not} 44. Qxf4 Qd4+ 45. Qf2 (45. Re3 Qd1+ 46. Qf1 Qxf1+ 47. Kxf1 bxc6 $17) 45... Qxf2+ 46. Kxf2 Rxh2+ 47. Kg1 Rh1+ 48. Kf2 bxc6 $15) 44... Ke6 45. Bd7+ Kf7 46. Qf8# {White used his chance.  Weighted Error Value: White=0.57/Black=0.54} 1-0

[Event "1st Charlotte Masters 2021"]
[Site "Charlotte"]
[Date "2021.02.14"]
[Round "3.1"]
[White "Mishra, Abhimanyu"]
[Black "Wu, Rochelle"]
[Result "1-0"]
[WhiteElo "2354"]
[BlackElo "2095"]
[Annotator "TA"]
[PlyCount "47"]
[EventDate "2021.02.12"]
[EventType "swiss"]
[EventCountry "USA"]
[SourceTitle "playchess.com"]
[Source "ChessBase"]
[SourceQuality "1"]

{[%evp 14,47,21,25,32,21,22,22,30,25,33,28,98,87,472,477,472,465,455,467,527,528,541,535,506,530,505,485,487,496,498,490,489,491,669,661]} 1. d4 d5 2. c4 c6 3. Nc3 Nf6 4. e3 Bf5 5. cxd5 cxd5 6. Qb3 Bc8 {6...Nc6 is the hot move.} 7. Nf3 e6 8. Bd3 Nc6 {D10: Slav Defence: 3 cxd5 (without early Nf3) and 3 Nc3.} 9. O-O Be7 10. Bd2 O-O {The position is equal.} 11. Rfc1 {[#]} Nd7 $146 ({Predecessor:} 11... Bd7 12. a3 Rc8 13. Qa2 Bd6 14. b4 a6 15. b5 axb5 16. Nxb5 Bb8 17. Nc3 Na5 18. Rab1 Bc6 19. Ne2 Re8 20. Bb4 Nd7 21. Ng3 {½-½ (21) Polak,T (2514)-Hera,I (2605) Germany 2019}) 12. Na4 f5 (12... Bd6 $11) 13. Bb5 $16 Na5 $2 {[%mdl 8192]} (13... Rb8 $16 {is tougher.}) 14. Bxa5 $18 {White is clearly winning.} Qxa5 {[#]} 15. Rxc8 $1 {[%mdl 576] Remove Defender} Raxc8 16. Bxd7 Rc4 17. Bxe6+ Kh8 18. Nc3 Rc6 19. Bxd5 Rb6 20. Qa4 Qxa4 21. Nxa4 Rb4 22. Bb3 Rc8 23. Nc3 Bf6 24. Nd5 {Black got outplayed after the opening.  Weighted Error Value: White=0.02/Black=0.74} 1-0

[Event "1st Charlotte Masters 2021"]
[Site "Charlotte"]
[Date "2021.02.14"]
[Round "3.2"]
[White "Sinha, Sahil"]
[Black "Sarkar, Justin"]
[Result "1/2-1/2"]
[WhiteElo "2324"]
[BlackElo "2366"]
[Annotator "TA"]
[PlyCount "79"]
[EventDate "2021.02.12"]
[EventType "swiss"]
[EventCountry "USA"]
[SourceTitle "playchess.com"]
[Source "ChessBase"]
[SourceQuality "1"]

{[%evp 18,79,34,31,44,45,54,37,66,33,27,26,31,25,231,207,215,235,212,221,214,229,205,210,197,123,108,116,129,116,771,759,704,25,8,20,13,25,206,206,204,204,189,176,195,186,193,163,189,0,0,0,0,0,0,0,0,0,0,0,0,0,0,0]} 1. d4 d6 2. Nf3 g6 3. c4 f5 4. Nc3 Nf6 5. g3 Bg7 6. Bg2 O-O 7. O-O Nc6 8. d5 Na5 9. Nd2 c5 10. a3 Ng4 {A89: Dutch Defence: Leningrad System: 5 Nf3 0-0 6 0-0 d6 7 Nc3 Nc6.} 11. Qc2 f4 {[#]} 12. Nce4 $146 ({Predecessor:} 12. gxf4 Rxf4 13. Nde4 Rf8 14. Bg5 h6 15. Bh4 g5 16. Bg3 Nxc4 17. b4 Nxa3 18. Rxa3 cxb4 {0-1 (33) De Belair,G (2060)-Nguyen,C (2260) France 2002}) 12... e6 {White is slightly better.} 13. Rb1 exd5 14. cxd5 {Strongly threatening b4.} fxg3 15. hxg3 Bf5 $2 (15... b6 $1 $11) 16. b4 $18 cxb4 17. axb4 Rc8 18. Qa2 Bxe4 19. Nxe4 (19. Bxe4 Rxf2 20. bxa5 (20. Rxf2 $2 Qb6 $19 {[%mdl 64] Pin}) 20... Rxe2 $17) 19... Nc4 20. Bh3 (20. Qxa7 Qd7 $15) 20... h5 {[#]} 21. Bf4 ({Inferior is} 21. Qxa7 Qe7 $17) (21. Ng5 $1 $18) 21... Rxf4 $16 22. gxf4 {Ng5 is the strong threat.} Qh4 {[#]} 23. Rb3 {[%cal Rb3g3]} Nce3 $2 {[%mdl 8192]} 24. Rxe3 $18 Nxe3 25. Bxc8 $2 ({Only move:} 25. Be6+ $18 Kh8 26. fxe3 (26. Bxc8 Nxf1 27. e3 Nxe3 $11)) 25... Nxf1 $11 26. Be6+ Kh8 {( -> ...Qh2+)} 27. e3 Qh2+ $2 (27... Nxe3 $1 $11 {and Black is okay.} 28. Qe2 (28. fxe3 Qe1+ 29. Kg2 Qxe3 $14) (28. Qxa7 Ng4 $11) 28... Ng4 29. Bxg4 Qxg4+ 30. Qxg4 hxg4) 28. Kxf1 $18 {Hoping for Ke2.} Qh1+ 29. Ke2 {Threatening mate with Qc2.} Qxe4 30. Qxa7 Qxb4 31. Qb8+ Kh7 32. Kf3 b5 33. Qe8 $2 (33. Bg8+ $18 Kh8 34. Qd8) 33... Qb1 $11 {The position is equal.} 34. Qg8+ Kh6 35. Qd8 b4 36. Qg5+ Kh7 37. f5 {Intending Qxg6+ and mate.} Qd1+ 38. Ke4 Qc2+ 39. Kf3 {White wants to mate with Qxg6+.} Qd1+ 40. Ke4 {White really could win this.  Weighted Error Value: White=0.37/Black=0.26} 1/2-1/2

[Event "1st Charlotte Masters 2021"]
[Site "Charlotte"]
[Date "2021.02.14"]
[Round "3.3"]
[White "Colas, Joshua"]
[Black "Liang, Jason"]
[Result "1/2-1/2"]
[WhiteElo "2280"]
[BlackElo "2342"]
[Annotator "TA"]
[PlyCount "118"]
[EventDate "2021.02.12"]
[EventType "swiss"]
[EventCountry "USA"]
[SourceTitle "playchess.com"]
[Source "ChessBase"]
[SourceQuality "1"]

{[%evp 17,118,0,21,1,20,-14,-12,-23,0,0,0,0,0,0,0,0,0,-3,0,0,0,-17,-6,-10,-8,-20,-10,-31,-28,-25,-34,-31,-22,-33,-10,-12,-14,-18,0,-18,-10,-16,-10,-21,-17,-33,-24,-29,0,0,0,-8,0,0,8,8,8,0,9,9,9,9,66,0,0,0,0,0,0,0,0,0,0,0,0,0,0,0,0,0,0,0,0,0,0,0,0,0,0,0,0,0,0,0,0,0,0,0,8,8,8,8,8]} 1. c4 e6 2. Nf3 d5 3. g3 Nf6 4. Bg2 Be7 5. O-O O-O 6. b3 b6 7. cxd5 Nxd5 8. d4 Bb7 9. Bb2 Nd7 10. Nbd2 {A14: English Opening: 1...e6 with b3 by White.} c5 11. dxc5 Nxc5 12. Nc4 Bf6 13. Bxf6 {[#]} Qxf6 $146 ({Predecessor:} 13... Nxf6 14. Qc2 Qe7 15. Qb2 Rfd8 {½-½ (15) Gunis,J (2061)-Szucs,V (2161) Slovakia 2007}) 14. Qd4 Nc3 15. Qe3 Rfd8 16. Rfc1 Nd5 17. Qg5 Rac8 18. Qxf6 Nxf6 19. Nfe5 Bxg2 20. Kxg2 Nd5 21. Na3 a6 22. Rc2 f6 23. Nf3 Ne4 24. Rac1 Rxc2 25. Rxc2 Kf7 26. Nb1 e5 27. Nfd2 Nxd2 28. Rxd2 $11 {[%mdl 4096] [#] Endgame Threatens to win with e4. KRN-KRN} Ke7 29. e4 Nb4 {Hoping for ...Rxd2.} 30. Rxd8 Kxd8 {KN-KN} 31. a3 Nc2 32. b4 $1 Kd7 {aiming for ...Kc6.} 33. Kf3 h5 34. h4 g5 35. g4 Nd4+ 36. Kg2 hxg4 37. hxg5 Ke6 38. Kg3 fxg5 39. Kxg4 Kf6 (39... b5 $11) 40. Kh5 (40. Nc3 $14) 40... Ne2 {The position is equal.} 41. Nd2 Nf4+ 42. Kg4 Nd3 43. f3 Nb2 44. Kh5 b5 45. Nb1 Nc4 46. Kh6 Ne3 47. Kh5 Nc4 48. Nc3 Nxa3 49. Nd5+ Ke6 50. Kxg5 Kd6 51. f4 exf4 52. Kxf4 Nc4 53. Ne3 Ke6 54. Nc2 Kf6 55. Nd4 Ne5 {And now ...Nd3+ would win.} 56. Ke3 Nc4+ 57. Kd3 a5 58. bxa5 Nxa5 59. Nxb5 Ke5 {Not much happened in this game.  Weighted Error Value: White=0.05/Black=0.05} 1/2-1/2

[Event "1st Charlotte Masters 2021"]
[Site "Charlotte"]
[Date "2021.02.14"]
[Round "3.4"]
[White "Posthuma, Joshua"]
[Black "Chiu, Isaac"]
[Result "1-0"]
[WhiteElo "2307"]
[BlackElo "2209"]
[Annotator "TA"]
[PlyCount "115"]
[EventDate "2021.02.12"]
[EventType "swiss"]
[EventCountry "USA"]
[SourceTitle "playchess.com"]
[Source "ChessBase"]
[SourceQuality "1"]

{[%evp 14,115,57,50,59,62,52,57,74,60,71,71,71,81,67,59,95,52,66,35,46,33,64,0,0,-40,-35,-40,-44,-41,-46,-53,43,26,26,-43,-40,-36,17,25,75,66,73,72,70,52,100,104,180,89,86,91,80,76,77,68,87,8,9,0,0,-8,-8,-8,14,14,15,17,15,15,118,117,137,125,110,8,8,11,384,1097,1016,456,8103,6232,5481,4727,5566,6095,12102,11028,12379,12102,29979,29979,29983,29984,29984,29985,29985,29986,29986,29987,29987,29988]} 1. d4 g6 2. c4 Bg7 3. e4 d6 4. Nc3 e5 5. Nf3 Nc6 6. Bg5 f6 7. Be3 Nh6 8. dxe5 dxe5 {A42: Modern Defence: Averbakh Variation.} 9. Qxd8+ Kxd8 10. Rd1+ Bd7 $1 {White is slightly better.} 11. Nd5 {[#] aiming for Bxh6.} Nf7 12. c5 Kc8 13. Bc4 Nfd8 {[#]} 14. O-O $146 ({Predecessor:} 14. b4 Re8 15. b5 Na5 16. Be2 c6 17. bxc6 bxc6 18. Ba6+ Nab7 19. Nc3 Kc7 20. Nd2 {½-½ (63) Bluebaum,M (2471)-Thinius,M (2354) Deizisau 2013}) 14... Re8 15. Rd2 Bg4 16. Rfd1 Ne6 17. Bb5 Rd8 18. Bxc6 (18. Be2 $14 Bxf3 19. Bxf3) 18... bxc6 $11 19. Nb4 Kb7 20. h3 Bxf3 21. gxf3 Rxd2 22. Rxd2 Rd8 (22... a5 $15 23. Nd3 Re8) 23. Rxd8 $14 Nxd8 {[%mdl 4096] Endgame KBN-KBN} 24. f4 (24. Nd3 $11) 24... exf4 $15 25. Bxf4 f5 ({Black should play} 25... a5 $15 26. Nd3 a4) 26. exf5 $11 Bxb2 27. fxg6 hxg6 28. Kg2 Ne6 29. Be3 Bf6 30. Kf3 Nd8 (30... Bc3 $16 31. Nd3 Kc8) 31. Kg4 (31. Nd3 $18 {and White stays clearly on top.}) 31... Nf7 $16 32. f4 Nh6+ 33. Kf3 Nf5 34. Bf2 Ne7 35. h4 (35. Kg4 $16) 35... Kc8 $11 36. Kg4 Kd7 37. h5 gxh5+ 38. Kxh5 Ke6 39. Kg4 a5 40. Na6 Nd5 41. f5+ Kd7 (41... Ke7 $11) 42. Nb8+ $16 Kc8 43. Nxc6 a4 44. Bh4 (44. Bd4 $16) 44... Kd7 $11 45. Nb8+ Ke8 $2 {[%mdl 8192] This costs Black the game.} (45... Kc8 $11 46. Nc6 Kd7 47. Bxf6 Nxf6+ 48. Kg5 Ne4+ 49. Kf4 Nxc5) 46. Bxf6 $18 Nxf6+ {KN-KN} 47. Kf4 Nd5+ (47... Ke7 $142 48. Ke5 Ne8) 48. Ke5 Nc3 49. Ke6 {White threatens f6 and mate.} Ne4 50. Na6 c6 51. Ke5 Nc3 52. Nb4 Kd7 53. f6 {White mates.} a3 {[#]} 54. Nxc6 $1 {[%mdl 512]} Ke8 55. Nb4 Kf7 56. c6 Nb5 57. Nd5 Na7 58. Kd6 {Weighted Error Value: White=0.18/Black=0.52} 1-0

[Event "1st Charlotte Masters 2021"]
[Site "Charlotte"]
[Date "2021.02.14"]
[Round "3.5"]
[White "Yanayt, Eugene"]
[Black "Wang, Tianqi"]
[Result "0-1"]
[WhiteElo "2100"]
[BlackElo "2307"]
[Annotator "TA"]
[PlyCount "100"]
[EventDate "2021.02.12"]
[EventType "swiss"]
[EventCountry "USA"]
[SourceTitle "playchess.com"]
[Source "ChessBase"]
[SourceQuality "1"]

{[%evp 20,100,35,31,40,14,53,27,16,25,35,27,48,-6,-7,-98,-98,-98,-89,-123,-110,-113,-62,-79,-77,-93,-77,-81,-86,-100,-100,-91,-87,-108,-110,-229,-208,-194,-64,-61,-41,-101,-87,-165,-168,-220,-220,-229,-226,-234,-234,-219,-227,-454,-436,-425,-333,-1060,-908,-1220,-996,-885,-1544,-1534,-1452,-1283,-1299,-1795,-1765,-1685,-1684,-1566,-1391,-1798,-1451,-2170,-1928,-29964,-29967,-29963,-5916,-29963,-29961]} 1. d4 Nf6 2. c4 c5 3. d5 e6 4. Nc3 exd5 5. cxd5 d6 6. Nf3 g6 7. Nd2 Nbd7 8. e4 a6 9. a4 Bg7 10. Be2 O-O 11. O-O Rb8 {A74: Modern Benoni: Classical: 9...a6.} 12. Re1 Ne8 13. f4 {[#]} f5 $146 {White has an edge.} ({Predecessor:} 13... b6 14. Nc4 Qc7 15. Na3 Nef6 16. Bc4 Re8 17. h3 Bb7 18. Qd3 Re7 19. Bd2 Rbe8 {1-0 (56) Feyli,S (2258)-Mosadeghpour,M (2478) Rasht 2017}) 14. exf5 gxf5 15. Nf3 Nc7 16. Ng5 (16. Bd3 $14) 16... Nf6 $11 17. Bh5 (17. Bd3 $11) 17... Nxh5 $17 18. Qxh5 {[%csl Gg5][%cal Rh5h7]} h6 19. Ne6 Bxe6 20. dxe6 {Strongly threatening e7.} Qf6 ({Better is} 20... Qe8 $17 21. Qe2 Qc6) 21. Qd1 Nxe6 22. Qxd6 Qd4+ 23. Qxd4 Nxd4 24. Rb1 b5 25. axb5 axb5 {[%cal Ba6b5,Bb5b4][%mdl 32]} 26. Kf1 Rfd8 27. Re7 (27. Rd1 $17) 27... b4 28. Na4 Nb3 ({Black should play} 28... Bf6 $19 29. Ra7 Nc2 30. Nxc5 Rd1+ 31. Ke2 Rbd8) 29. Be3 $15 c4 {Threatens to win with ...c3.} 30. Ke2 {White is on the road to losing.} (30. Nb6 $1 $15) 30... Nd4+ 31. Kf2 {[#]} (31. Kf1 $17 {keeps fighting.}) 31... Nc2 $1 $36 {[%cal Rc2e3][%mdl 2048] Keeping White busy.} 32. Rc7 (32. Ba7 {was necessary.} Ra8 33. Kf1) 32... Nxe3 33. Kxe3 Ra8 34. Nc5 Bd4+ 35. Kf3 Re8 {...Re3+ is the strong threat.} 36. g4 $2 (36. Kg3 {was the only chance.}) 36... Re3+ 37. Kg2 fxg4 38. f5 $2 (38. Rd1 Rd8 39. Kh1) 38... Re2+ {[%mdl 64] [#] Double Attack} 39. Kh1 Be5 40. Re7 Rxh2+ 41. Kg1 Rxb2 42. Rxb2 Bxb2 {[%mdl 4096] Endgame KRB-KRN} 43. Nd7 Bd4+ 44. Kg2 Ra2+ 45. Kg3 Ra6 46. f6 Bxf6 47. Re4 Bg7 48. Rxg4 b3 49. Rxc4 b2 50. Rc8+ Kf7 {Weighted Error Value: White=1.05/Black=0.14} 0-1

[Event "1st Charlotte Masters 2021"]
[Site "Charlotte"]
[Date "2021.02.14"]
[Round "3.6"]
[White "Mardov, Dimitar"]
[Black "Wu, Derek"]
[Result "1/2-1/2"]
[WhiteElo "2265"]
[BlackElo "2198"]
[Annotator "TA"]
[PlyCount "77"]
[EventDate "2021.02.12"]
[EventType "swiss"]
[EventCountry "USA"]
[SourceTitle "playchess.com"]
[Source "ChessBase"]
[SourceQuality "1"]

{[%evp 19,77,0,0,-34,-25,-46,2,0,87,-13,0,0,0,-12,0,-13,10,-12,-4,-37,0,-39,-30,-31,-33,-39,-33,-41,-43,-124,-120,-118,-67,-61,-67,-67,-67,-66,-68,-61,-42,-64,-35,-75,-86,-100,-106,-123,-94,-133,-51,-35,-20,-23,-25,-42,-16,-48,0,0]} 1. d4 Nf6 2. Nf3 d5 3. c4 e6 4. g3 Be7 5. Bg2 O-O 6. O-O dxc4 7. Ne5 Nc6 8. Nxc6 bxc6 9. Na3 Bxa3 10. bxa3 Ba6 11. Rb1 {E05: Open Catalan: 5 Nf3 Be7.} Nd5 {Threatens to win with ...Nc3.} 12. Qc2 {[#]} Qe7 $146 ({Predecessor:} 12... Rb8 13. Rxb8 Qxb8 14. e4 Nf6 15. Bg5 Qb6 16. d5 cxd5 17. Bxf6 gxf6 18. exd5 Rd8 {½-½ (34) Panno,O (2450)-Teixeira,R (2320) Sao Paulo 1997}) 13. e4 Nf6 {[#]} (13... Nb6 $11 {keeps the balance.}) 14. Qc3 (14. Qa4 $1 $16 {[%cal Ra4a6]} Bb5 15. Qa5) 14... Rab8 15. Bf4 Rb6 16. Rb4 Rfb8 {[%cal Rb6b4]} 17. Rfb1 Rb5 18. Bf3 h6 19. h3 c5 (19... R5b6 {is more complex.} 20. Kg2 R8b7 21. Be3 Nd7 22. e5 Qd8) 20. Rxb5 Rxb5 21. Rxb5 Bxb5 22. d5 exd5 23. exd5 Qd7 24. Qe5 ({Better is} 24. a4 $15 Ba6 25. Qa5) 24... c3 $17 25. Qxc3 Nxd5 (25... Qxh3 $17 {...Qf1+ is the strong threat.} 26. Qxc5 Qf1+ 27. Kh2 Bd3 28. Qxa7 Be4 29. Qb8+ Kh7 30. Bxe4+ Nxe4) 26. Qxc5 $15 Nxf4 27. gxf4 a6 28. Kg2 Bd3 29. Kg3 Bf5 30. h4 Be6 31. Qa7 Qd6 ({Don't play} 31... Bxa2 $6 32. Qxa6 g6 33. a4 $11) 32. Qb8+ Kh7 33. Qb1+ g6 34. h5 Bf5 ({Black should play} 34... Qxa3 $17 {White must now prevent ...Bd5.} 35. hxg6+ fxg6) 35. Qb3 Qf6 36. Qc4 gxh5 37. Bxh5 Be6 38. Qc2+ Kg7 39. Qxc7 {Weighted Error Value: White=0.24/Black=0.19} 1/2-1/2

[Event "1st Charlotte Masters 2021"]
[Site "Charlotte"]
[Date "2021.02.14"]
[Round "3.7"]
[White "Perrine, Dalton"]
[Black "Oberoi, Shelev"]
[Result "0-1"]
[WhiteElo "2247"]
[BlackElo "2161"]
[Annotator "TA"]
[PlyCount "60"]
[EventDate "2021.02.12"]
[EventType "swiss"]
[EventCountry "USA"]
[SourceTitle "playchess.com"]
[Source "ChessBase"]
[SourceQuality "1"]

{[%evp 13,60,13,13,20,24,15,23,20,3,-23,0,0,0,-9,0,0,0,0,0,-42,-50,-72,-51,-78,-71,-79,-64,-124,-76,-102,-94,-414,-424,-596,-587,-992,-993,-997,-997,-914,-933,-1637,-1071,-29991,-29982,-29982,-29983,-29983,-29984]} 1. e4 c5 2. Nf3 Nc6 3. Bb5 e6 4. O-O Nge7 5. Re1 Nd4 6. Nxd4 cxd4 7. c3 a6 8. Bf1 {B30: Sicilian: 2...Nc6 3 Bb5, lines without ...g6.} Nc6 9. b4 Be7 10. Bb2 {White has an edge.} d5 {[#]} 11. e5 $146 ({Predecessor:} 11. exd5 exd5 12. a4 O-O 13. b5 dxc3 14. Nxc3 Nb4 15. Na2 Be6 16. Bd4 a5 17. Qb3 {½-½ (63) Andersen,M (2535)-Bachmann,A (2641) Baku 2016}) 11... dxc3 12. dxc3 O-O 13. a3 f6 14. exf6 Bxf6 15. Nd2 b5 16. Qb3 Ne5 17. Rad1 Qc7 18. g3 Bb7 19. Bg2 Rac8 20. Nf1 ({White should play} 20. Qc2 $15) 20... Qb6 {...Ng4 is the strong threat.} 21. Ne3 Kh8 22. Nc2 $2 {[%mdl 8192] [#] Loses the game.} (22. Kh1 $17) 22... Ng4 $1 $19 23. Ne3 {[#]} (23. Re2 $142 Nxf2 24. Rxf2) 23... Nxf2 $1 {[%mdl 512]} 24. Kxf2 {Hoping for Kg1.} (24. Rd2 Bg5) 24... Bg5+ 25. Kg1 Bxe3+ 26. Kh1 Rf2 {And now ...d4 would win.} 27. Rf1 Rcf8 {aiming for ...d4.} 28. Rg1 d4 {Black mates.} 29. cxd4 Bxg2+ 30. Rxg2 Rf1+ {Weighted Error Value: White=1.13/Black=0.19} 0-1

[Event "1st Charlotte Masters 2021"]
[Site "Charlotte"]
[Date "2021.02.14"]
[Round "3.8"]
[White "Park, Evan"]
[Black "Kumar, Nikhil"]
[Result "1-0"]
[WhiteElo "2207"]
[BlackElo "2322"]
[Annotator "TA"]
[PlyCount "77"]
[EventDate "2021.02.12"]
[EventType "swiss"]
[EventCountry "USA"]
[SourceTitle "playchess.com"]
[Source "ChessBase"]
[SourceQuality "1"]

{[%evp 12,77,16,0,-2,0,3,4,22,16,30,24,37,20,21,28,21,29,26,-31,-22,-39,51,55,56,63,122,125,173,174,317,325,322,322,317,313,300,166,305,301,308,314,333,316,307,220,166,170,322,287,525,543,613,613,1037,996,1647,650,2572,3710,29967,29968,29968,29968,29970,29970,29974,29974]} 1. c4 c5 2. g3 g6 3. Bg2 Bg7 4. Nc3 Nc6 5. d3 d6 6. Nf3 e5 7. Nd2 Nge7 {A37: Symmetrical English vs ...g6: 4 Bg2 Bg7 5 Nf3.} 8. Nf1 Be6 9. Ne3 Qd7 {The position is equal.} 10. Ned5 O-O 11. h4 h5 {[#]} 12. Bd2 $146 ({Predecessor:} 12. a3 Bg4 13. Ne3 Be6 14. Rb1 Rac8 15. b4 cxb4 16. axb4 Nd4 17. b5 f5 18. Ned5 {0-1 (33) Gajewski,G (2630)-Wagner,D (2564) Germany 2018}) 12... Rab8 13. a3 a6 14. b4 b5 15. Nxe7+ (15. bxc5 $11 bxc4 16. dxc4) 15... Nxe7 $15 16. Nd5 Bxd5 (16... bxc4 $15 17. dxc4 e4 18. Bxe4 Nxd5 19. cxd5 Bf5 20. Bxf5 Qxf5) 17. cxd5 $14 e4 18. dxe4 Bxa1 {Black is now going downhill.} (18... c4 $14) 19. Qxa1 $16 f5 {[#]} 20. e5 {[%cal Re5e6] And now e6 would win.} Nc8 (20... c4 {was necessary.}) 21. bxc5 dxc5 22. e6 Qe7 23. Bg5 Qg7 24. Qxg7+ Kxg7 25. Bf4 Rb6 26. Be3 Rd8 {intending ...Rbd6.} 27. Bxc5 Rbd6 28. Bxd6 Nxd6 $18 {[%mdl 4096] Endgame KRB-KRN} 29. Kd2 Nc4+ $2 (29... Ne4+ 30. Bxe4 fxe4) 30. Kd3 Kf6 $2 (30... Rc8 {keeps fighting.} 31. Rc1 Nb2+ {[%mdl 64] Discovered Attack} 32. Kd2 Rxc1 33. Kxc1 Nc4) 31. Rc1 Rc8 32. Kd4 g5 33. hxg5+ Kxg5 {[#]} 34. Bf3 (34. Rxc4 $142 $1 bxc4 35. d6) 34... Rh8 35. Rxc4 bxc4 36. d6 {White mates.} Kf6 37. e7 c3 38. Kxc3 Rc8+ 39. Kd4 {Weighted Error Value: White=0.24/Black=0.61} 1-0

[Event "1st Charlotte Masters 2021"]
[Site "Charlotte"]
[Date "2021.02.14"]
[Round "3.9"]
[White "Kumar, Naman"]
[Black "Eckert, Doug"]
[Result "1/2-1/2"]
[WhiteElo "2158"]
[BlackElo "2151"]
[Annotator "TA"]
[PlyCount "75"]
[EventDate "2021.02.12"]
[EventType "swiss"]
[EventCountry "USA"]
[SourceTitle "playchess.com"]
[Source "ChessBase"]
[SourceQuality "1"]

{[%evp 14,75,10,12,12,0,15,-12,12,0,29,25,20,0,36,0,7,0,2,3,0,-15,0,-44,-47,-39,0,0,0,0,24,0,0,0,-7,-1,0,-34,0,0,0,0,0,0,6,8,14,0,0,0,0,0,0,0,0,0,0,0,0,0,0,0,0,0]} 1. e4 e5 2. Nf3 Nc6 3. Bc4 Bc5 4. c3 Nf6 5. d3 d6 6. O-O O-O 7. Bb3 h6 8. Re1 {Recently 8.h3 got a lot of attention.} a5 {C54: Giuoco Piano: 4 c3 Nf6, main lines with 5 d4 and 5 d3.} 9. a4 Be6 10. Bc2 Ba7 11. h3 {[#]} Ne7 $146 ({Predecessor:} 11... Re8 12. Be3 d5 13. Bxa7 Rxa7 14. d4 exd4 15. exd5 Bxd5 16. Nxd4 Rxe1+ 17. Qxe1 Nxd4 18. cxd4 {0-1 (38) Jaufarally,N (1878)-Mannion,S (2285) Newcastle 2019}) 12. Nbd2 {[%cal Bb1d2,Bd2f1,Bf1e3,Be3f5][%mdl 32]} Ng6 13. Nf1 c6 14. Be3 Bxe3 15. Nxe3 Qc7 16. d4 Rad8 17. Nf5 Rfe8 18. g3 d5 19. exd5 Nxd5 (19... Rxd5 $15 20. Ne3 Rdd8) 20. Qd3 $11 {[%cal Rf3e5]} exd4 21. N3xd4 Bc8 22. Rxe8+ Rxe8 23. Nh4 Nf8 24. Nhf5 Nf6 25. Nf3 Rd8 26. Qe3 {The position is equal.} Bxf5 27. Bxf5 Re8 28. Qd4 Rd8 29. Qc4 Rd5 (29... Re8 {keeps more tension.} 30. Bc2 g6 31. Rb1 Nd5 32. Kg2 Nd7) 30. Be4 Nxe4 31. Qxe4 Qd7 32. Kg2 Ne6 33. b4 axb4 34. cxb4 Ng5 35. Nxg5 Rxg5 36. Re1 {[#] aiming for Qe8+.} Rd5 37. Qe8+ Kh7 38. Qxd7 {Weighted Error Value: White=0.09/Black=0.08} 1/2-1/2